Normal view
MARC view
- Litt. D , A. W Verrall ؛ Edited M.A Bayfled , J. D .Duff, M. A
Entry Personal Name
001 - CONTROL NUMBER
- control field: 5499
003 - CONTROL NUMBER IDENTIFIER
- control field: JO-AjAnu
005 - DATE AND TIME OF LATEST TRANSACTION
- control field: 20230606071207.0
008 - FIXED-LENGTH DATA ELEMENTS
- fixed length control field: 230606|| aca||aabn | a|a d
040 ## - CATALOGING SOURCE
- Original cataloging agency: JO-AjAnu
- Transcribing agency: JO-AjAnu
100 ## - HEADING--PERSONAL NAME
- Personal name: Litt. D , A. W Verrall ؛ Edited M.A Bayfled , J. D .Duff, M. A
670 ## - SOURCE DATA FOUND
- Source citation: Work cat.: (JO-AjAnu)2841: Litt. D , A. W Verrall ؛ Edited M.A Bayfled , J. D .Duff, M. A, author, Collected Studies in Greek and Latin Scholarship